000 01118nam2a22002171 4500
001 RU\NLR\A1\22886
005 20251203152403.2
035 _a(NLR Aleph) 009677347
090 _a13475189
_c13475189
100 _a19981030d1783 u y0rusy50 ca
101 1 _arus
_cfre
200 0 _aЧ.7
210 _d1783
215 _a[4], 180, [1] с.
461 1 _1001RU\NLR\A1\22879
_12000#$aСпособ, которым можно учить и обучаться словесных наук$fСочинен г. Ролленом$gА с французскаго языка на российской переведен Иваном Крюковым$vЧ.7
_1700#1$6z01700$7ba$aRollin$bC.$gCharles
_1700#1$6z01700$aРоллен$bШ.$f1661-1741$gШарль$4070
_99688155
_aРоллен, Ш. (1661-1741)
_cСПб.
_d1774-1783
_fСочинен г. Ролленом
_nПри Имп. Акад. наук
_tСпособ, которым можно учить и обучаться словесных наук
_vЧ.7
801 0 _aRU
_bNLR
_c19981030
852 _aNLR
_j18.50.5.1 (ч.7)
942 _cBOOK
980 _aA1XVIIIv
980 _aNB